Reglamentos parlamentarios : estados miembros de la CEE (Cámaras Bajas) y Parlamento Europeo / estudio preliminar e índice alfabético de León Martínez Elipe estados miembros de la CEE (Cámaras Bajas) y Parlamento Europeo / estudio preliminar e índice alfabético de León Martínez Elipe
Descripción Física:
684 p. ; 29 cm
Otros Autores:
Martínez Elipe, León
MARC
| LEADER | 00000nam a2200000Ia 4500 | ||
|---|---|---|---|
| 001 | 11007 | ||
| 008 | 160829s1986 xx 000 0 cat d | ||
| 080 | |a M-3-277 | ||
| 245 | |a Reglamentos parlamentarios : |b estados miembros de la CEE (Cámaras Bajas) y Parlamento Europeo / estudio preliminar e índice alfabético de León Martínez Elipe | ||
| 260 | |a Madrid : |b Publicaciones de las Cortes Generales. Secretaría General del Senado, |c 1986 | ||
| 300 | |a 684 p. ; |c 29 cm | ||
| 490 | |a Boletín de Legislación Extranjera ; 54-57, marzo-junio 1986 | ||
| 650 | |a Parlaments |x Comunitat Econòmica Europea, Països de la |x Reglaments i procediment |9 33014 | ||
| 650 | |a Parlament Europeu |x Reglaments i procediment |9 33015 | ||
| 700 | |a Martínez Elipe, León |9 33016 | ||
| 901 | |a Arxiu | ||
| 942 | |n 1 | ||
| 952 | |0 0 |1 0 |4 0 |6 M3277 |7 1 |9 46175 |a Arxiu |b Arxiu |d 2016-12-01 |l 0 |o M-3-277 |p 11007 |r 2016-12-01 00:00:00 |w 2016-12-01 |y ARXIU | ||
| 999 | |c 49677 |d 49677 | ||